NLSUI OPAC header image

Spce (Record no. 33389)

MARC details
000 -LEADER
fixed length control field 00354nam a2200157Ia 4500
008 - FIXED-LENGTH DATA ELEMENTS--GENERAL INFORMATION
fixed length control field 160316s1982 xxu||||| |||| 00| 0 eng d
082 ## - DEWEY DECIMAL CLASSIFICATION NUMBER
Classification number 813.540000
Item number MIC
100 ## - MAIN ENTRY--PERSONAL NAME
Personal name Michener James A
245 ## - TITLE STATEMENT
Title Spce
250 ## - EDITION STATEMENT
Edition statement
260 ## - PUBLICATION, DISTRIBUTION, ETC.
Place of publication, distribution, etc. New York
Name of publisher, distributor, etc. Random House
Date of publication, distribution, etc. 1982
300 ## - PHYSICAL DESCRIPTION
Extent 622p
Other physical details
Dimensions
365 ## - TRADE PRICE
Price amount Rs. 100
650 ## - SUBJECT ADDED ENTRY--TOPICAL TERM
Topical term or geographic name entry element 1. Fiction
700 ## - ADDED ENTRY--PERSONAL NAME
Personal name
--
Holdings
Withdrawn status Lost status Damaged status Not for loan Home library Current library Shelving location Date acquired Cost, normal purchase price Total Checkouts Full call number Barcode Date last seen Price effective from Koha item type
        . . General Stacks 30.05.2017 100.00   813.54 MIC 30116 30.05.2017 30.05.2017 BOOKs